Dino Merlin albumi - Statistics

General Stats
  • This quiz has been taken 10 times
  • The average score is 5 of 15
Answer Stats
Godina Album, Live album, Kompilacija % Correct
2004 Burek
78%
2014 Hotel Nacional
78%
2008 Ispočetka
67%
1985 Kokuzna vremena
56%
1989 Nešto lijepo treba da se desi
56%
2000 Sredinom
56%
1995 Fotografija
33%
1987 Merlin
33%
1993 Moja bogda sna
33%
1990 Peta strana svijeta
22%
1986 Teško meni sa tobom, a još teže bez tebe
11%
1995 Balade
0%
2005 Live Koševo 2004
0%
1999 Live Vječna vatra
0%
1995 Najljepše pjesme
0%
No matching quizzes found
Score Distribution
Percent of People with Each Score
Percentile by Number Answered
Your Score History
You have not taken this quiz